000 00411nam a2200193Ia 4500
005 20240823035159.0
008 240823s9999||||xx |||||||||||||| ||und||
041 _aENGLISH
082 _A302.2 P8
100 _aChip Heath
245 0 _aMade to Stick
250 _a1st
260 _c2008
_bArrow
500 _aYES
650 _aNovel
_bEnglish
700 _a Dan Heath
942 _cBK
999 _c200069
_d200069